Научно-практическое наследие (Запись № 12637738)

Подробности
000 -МАРКЕР
контрольное поле 02299nam0a2200397 4500
001 - ИДЕНТИФИКАТОР ЗАПИСИ
контрольное поле RU\NLR\BIBL_A\012620662
005 - ИДЕНТИФИКАТОР ВЕРСИИ
контрольное поле 20250624091518.0
010 ## - МЕЖДУНАРОДНЫЙ СТАНДАРТНЫЙ НОМЕР КНИГИ (ISBN)
Номер (ISBN) 978-5-89421-229-6
Тираж 100
035 ## - ДРУГИЕ СИСТЕМНЫЕ НОМЕРА
Идентификатор записи (NLR Aleph) 012620662
100 ## - ДАННЫЕ ОБЩЕЙ ОБРАБОТКИ
Данные общей обработки 20211014d2021 |||y0rusy50 ca
101 0# - ЯЗЫК РЕСУРСА
Язык текста, звукозаписи и т.д. русский
102 ## - СТРАНА ПУБЛИКАЦИИ ИЛИ ПРОИЗВОДСТВА
Страна публикации Российская Федерация
105 ## - ПОЛЕ КОДИРОВАННЫХ ДАННЫХ: ТЕКСТОВЫЕ МАТЕРИАЛЫ, МОНОГРАФИЧЕСКИЕ
Кодированные данные о монографическом текстовом документе c|||a|||000zb
181 #0 - ПОЛЕ КОДИРОВАННЫХ ДАННЫХ: ВИД СОДЕРЖАНИЯ
Код вида содержания (ISBD) i3
Код характеристики содержания (ISBD) ab2e
182 #0 - ПОЛЕ КОДИРОВАННЫХ ДАННЫХ: ТИП СРЕДСТВА
Код типа средства (ISBD) n - непосредственное
200 1# - ЗАГЛАВИЕ И СВЕДЕНИЯ ОБ ОТВЕТСТВЕННОСТИ
Основное заглавие Научно-практическое наследие
Сведения, относящиеся к заглавию материалы для биографии А.Ф. Реброва
Первые сведения об ответственности А.Ф. Ребров
Последующие сведения об ответственности автор предисловия: Ю.Ю. Клычников
-- Кисловодский историко-краеведческий музей "Крепость"
203 ## - ВИД СОДЕРЖАНИЯ И ТИП СРЕДСТВА
Вид содержания Текст
Дополнительные сведения об издании визуальный
Тип средства непосредственный
210 ## - ПУБЛИКАЦИЯ, РАСПРОСТРАНЕНИЕ И ДР.
Место издания, распространения и т.д. Кисловодск
Имя издателя, распространителя и т. д. Северокавказское издательство "МИЛ"
Дата издания, распространения и т.д. 2021
215 ## - ФИЗИЧЕСКАЯ ХАРАКТЕРИСТИКА
Специфическое обозначение материала и объем 282, [2] с.
Другие сведения о физической характеристике портр.
Размеры 21
309 ## - ПРИМЕЧАНИЯ ОБ ОСНОВНОМ ИСТОЧНИКЕ ИНФОРМАЦИИ И ОБ ОСОБЕННОСТЯХ ПОЛИГРАФИЧЕСКОГО ОФОРМЛЕНИЯ ИЗДАНИЯ
Текст примечания На тит. л.: Вып. 2. На обороте тит. с. в аннот.: "Материалы для биографии А.Ф. Реброва. Вып. 1: Третьи Ребровские музейно-краеведческие чтения, 17-18 февраля 2011 г." (Кисловодск, 2012)
320 ## - ПРИМЕЧАНИЯ О НАЛИЧИИ В ДОКУМЕНТЕ БИБЛИОГРАФИИ / УКАЗАТЕЛЯ
Текст примечания Библиогр. в подстроч. примеч.
320 ## - ПРИМЕЧАНИЯ О НАЛИЧИИ В ДОКУМЕНТЕ БИБЛИОГРАФИИ / УКАЗАТЕЛЯ
Текст примечания Материалы о жизни и деятельности А.Ф. Реброва: библиогр. указ. / И.А. Лачинов, Б.М. Розенфельд: с. 256-280
600 #1 - ИМЯ ЛИЦА КАК ПРЕДМЕТ
Начальный элемент ввода Ребров
Часть имени, кроме начального элемента ввода А.Ф.
Даты 1776 - 1862
Расширение инициалов личного имени Алексей Федорович
Системный номер авторитетной/нормативной записи 2492107
Идентификатор авторитетной/нормативной записи RU\NLR\AUTH\6601694640
606 1# - НАИМЕНОВАНИЕ ТЕМЫ КАК ПРЕДМЕТ
Наименование темы Шелковая промышленность
Географический подзаголовок Россия
Системный номер авторитетной/нормативной записи 1947831
Идентификатор авторитетной/нормативной записи RU\NLR\AUTH\661178456
606 1# - НАИМЕНОВАНИЕ ТЕМЫ КАК ПРЕДМЕТ
Наименование темы Винодельческая промышленность
Географический подзаголовок Россия
Системный номер авторитетной/нормативной записи 2492102
Идентификатор авторитетной/нормативной записи RU\NLR\AUTH\6601694638
686 1# - ИНДЕКСЫ ДРУГИХ КЛАССИФИКАЦИЙ
Индекс У32(28)
686 2# - ИНДЕКСЫ ДРУГИХ КЛАССИФИКАЦИЙ
Индекс У30(28)645.14
686 2# - ИНДЕКСЫ ДРУГИХ КЛАССИФИКАЦИЙ
Индекс У30(28)675.25
700 #1 - ИМЯ ЛИЦА - ПЕРВИЧНАЯ ОТВЕТСТВЕННОСТЬ
Начальный элемент ввода Ребров
Часть имени, кроме начального элемента ввода А.Ф.
Даты 1776-1862
Расширение инициалов личного имени Алексей Федорович
942 ## - ДОПОЛНИТЕЛЬНЫЕ ЭЛЕМЕНТЫ ЗАПИСИ (АБИС)
Тип экземпляра АБИС Книга
980 ## - КОЛЛЕКЦИЯ
Название коллекции Национальная библиография
Экземпляры
Тип экземпляра Дата поступления Источник поступления Стоимость Библиотека постоянного хранения Библиотека текущего хранения Место хранения Шифр хранения Штрих-код Статус экземпляра
Книга 14.10.2021 Дар 200.00 РНБ (Московский) РНБ (Московский) Русский книжный фонд: издания с 1957 года 2021-3/24067 1-3507627  
Книга 12.11.2021 Дар 200.00 РНБ (Московский) РНБ (Московский) Русский книжный фонд: издания с 1957 года 2021-3/24067 1-3539818